000 00582nam a2200229Ia 4500
003 OSt
005 20220923230308.0
006 a|||||r|||| 00| 0
007 ta
008 Pun
024 _a279,167
037 _cTextual
040 _aARTS
_cARTS
_bPun
041 _2Pun
_aPun
082 _aO153,1NAShx, L8
100 _aਜਾਗੀਰ ਆFਾ
_9168954
245 0 _aਧੁਖਦੀ ਧੂਣੀ
260 _c1978
650 _aਪੰਜਾਬੀ ਸਾਹਿਤ
942 _hO153,1NAShx, L8
_cTEXL
_2CC
999 _c383714
_d383714